Nighai ba Iqbal / (Record no. 541273)
[ view plain ]
| 000 -LEADER | |
|---|---|
| fixed length control field | 00789nam a22002297a 4500 |
| 003 - CONTROL NUMBER IDENTIFIER | |
| control field | NUST |
| 005 - DATE AND TIME OF LATEST TRANSACTION | |
| control field | 20210215105420.0 |
| 008 - FIXED-LENGTH DATA ELEMENTS--GENERAL INFORMATION | |
| fixed length control field | 210215b ||||| |||| 00| 0 eng d |
| 038 ## - RECORD CONTENT LICENSOR | |
| Staff Name | Arshad |
| 040 ## - CATALOGING SOURCE | |
| Transcribing agency | NUST |
| 041 ## - LANGUAGE CODE | |
| Language code of text/sound track or separate title | persian |
| 082 ## - DEWEY DECIMAL CLASSIFICATION NUMBER | |
| Classification number | 891.551 |
| Author Mark | SUF |
| 100 ## - MAIN ENTRY--PERSONAL NAME | |
| Personal name | Sufiari, Shaheen Dukht Muqaddm |
| 9 (RLIN) | 35682 |
| Linkage | 880-01 |
| 245 ## - TITLE STATEMENT | |
| Title | Nighai ba Iqbal / |
| Statement of responsibility, etc. | Shaheen Dukht Muqaddm Sufiari |
| Linkage | 880-02 |
| 260 ## - PUBLICATION, DISTRIBUTION, ETC. | |
| Place of publication, distribution, etc. | Lahore: |
| Name of publisher, distributor, etc. | Iqbal Academy, |
| Date of publication, distribution, etc. | 1989 |
| Linkage | 880-03 |
| 300 ## - PHYSICAL DESCRIPTION | |
| Extent | 464 p. |
| 650 ## - SUBJECT ADDED ENTRY--TOPICAL TERM | |
| Topical term or geographic name entry element | Persian Literature-- Allama Muhammad Iqbal |
| 9 (RLIN) | 35683 |
| 880 ## - ALTERNATE GRAPHIC REPRESENTATION | |
| Linkage | 100-01\(3\r |
| Title | شھین دخت مقدم صفیاری |
| 880 ## - ALTERNATE GRAPHIC REPRESENTATION | |
| Linkage | 245-02\(3\r |
| Title | نگاہی بہ اقبال |
| c | شھین دخت مقدم صفیاری |
| 880 ## - ALTERNATE GRAPHIC REPRESENTATION | |
| Linkage | 260-03\(3\r |
| Title | لاہور |
| b | اقبال اکادمی |
| c | 1989 |
| 942 ## - ADDED ENTRY ELEMENTS (KOHA) | |
| Source of classification or shelving scheme | |
| Koha item type | Book |
| Withdrawn status | Lost status | Source of classification or shelving scheme | Damaged status | Not for loan | Permanent Location | Current Location | Date acquired | Total Checkouts | Full call number | Barcode | Date last seen | Price effective from | Koha item type |
|---|---|---|---|---|---|---|---|---|---|---|---|---|---|
| Central Library (CL) | Central Library (CL) | 02/15/2021 | 891.551 SUF | CL2362 | 02/15/2021 | 02/15/2021 | Book |
